Biggest Cities On The Danube River - Statistics

General Stats
  • This quiz has been taken 27 times
  • The average score is 7 of 20
Answer Stats
Country Population Answer % Correct
Hungary 1,671,004 Budapest
100%
Slovakia 475,503, Bratislava
96%
Austria 2,006,134 Vienna
96%
Serbia 1,197,714 Belgrade
92%
Austria 212,538 Linz
73%
Serbia 306,702 Novi Sad
65%
Germany 128,928 Ulm
38%
Germany 157,443 Regensburg
31%
Germany 141,029 Ingolstadt
19%
Romania 217,851 Galati
12%
Bulgaria 123,124 Ruse
12%
Serbia 59,261 Smederevo
12%
Romania 154,686 Braila
8%
Romania 79,865 Drobeta-Turnu Severin
8%
Ukraine 69,932 Izmail
8%
Germany 61,043 Neu-Ulm
8%
Serbia 73,401 Pancevo
8%
Romania 58,211 Calarasi
4%
Romania 54,551 Giurgiu
4%
Romania 65,624 Tulcea
4%
No matching quizzes found
Score Distribution
Percent of People with Each Score
Percentile by Number Answered
Your Score History
You have not taken this quiz